| 000 | 00440cam a22001814a 4500 | ||
|---|---|---|---|
| 005 | 20250605163612.0 | ||
| 008 | 250528s ||||||||||||||||||||||||d | ||
| 035 | _a22545 | ||
| 020 | _a9789605123630 | ||
| 040 |
_aGR-AtMCL _bgre _dGR-AtMCL _eAACR2 |
||
| 245 | 1 | _aADOBE PREMIERE 6.5 | |
| 250 | _a1 | ||
| 260 |
_bΜ. Γκιούρδας _bΣυλλογικο, _c2003 |
||
| 300 | _a467 | ||
| 942 | _cBK | ||
| 999 |
_c7593 _d7593 |
||